[Event "7th RTU Open 2017"]
[Site "Riga"]
[Date "2017.08.08"]
[Round "3"]
[White "Ikeda, Junta"]
[Black "Ovsejevitsch, Sergei"]
[Result "0-1"]
[WhiteElo "2397"]
[BlackElo "2596"]
[Annotator "TA"]
[PlyCount "102"]
[EventDate "2017.??.??"]
[EventType "swiss"]
[EventCountry "LAT"]
[SourceTitle "playchess.com"]
[Source "ChessBase"]
[SourceQuality "1"]

{[%evp 25,102,18,27,4,5,5,14,-18,18,-29,0,-8,-1,-12,20,7,10,-9,2,-37,-25,-38,-42,-53,-43,-62,-30,-44,-21,-47,-40,-54,-50,-47,-34,-14,-8,-7,0,-42,0,0,0,0,0,0,0,-125,-132,-120,-148,-201,-199,-199,-192,-149,-154,-193,-197,-186,-178,-229,-197,-434,-420,-955,-962,-643,-596,-12839,-12839,-12839,-12839,-12846,-12847,-12845,-12843,-12845,-12846]} 1. d4 Nf6 2. c4 e6 3. Nc3 d5 4. cxd5 exd5 5. Bg5 Be7 6. e3 c6 7. Qc2 Nbd7 8. Bd3 O-O 9. Nge2 Re8 10. O-O Nf8 11. f3 Be6 12. Rad1 Rc8 13. Kh1 {D36: Queen's Gambit Declined: Exchange Variation: Main line (5 Bg5 c6 6 Qc2)} Ng6 {LiveBook: 35 Games} (13... a6 14. a3 b5 15. Nf4 h6 16. Bh4 N6d7 17. Bxe7 Rxe7 18. Qf2 Nb6 19. Nce2 Nc4 20. Ng3 g6 {1-0 (33) Rodshtein,M (2687)-Dervishi,E (2564) Baku 2016}) 14. h3 Nh5 $146 ({Predecessor:} 14... Qd7 15. Nf4 Nxf4 16. Bxf4 h6 17. Qf2 Rcd8 18. Bc2 Qc8 19. e4 dxe4 20. fxe4 Bc4 {1-0 (37) Chen,P (2129)-Kalogridakis,G (2017) Istanbul 2012}) 15. Bxe7 {The position is equal.} Qxe7 16. Qd2 (16. g4 $5 {[%cal Rg4h5]}) 16... Rcd8 17. Rc1 Qd6 (17... Bc8 $5 {[%cal Re7e3]}) 18. Nd1 Bc8 19. Qe1 Re7 20. g4 Nf6 {[%cal Bh5f6,Bf6e8,Be8d6][%mdl 32]} 21. Qg3 (21. Kg2 {looks sharper.} Nf8 22. Qg3 Qxg3+ 23. Nxg3 Ne8 24. h4) 21... Ne8 22. a3 Qxg3 23. Nxg3 Nd6 24. b4 Nh4 25. a4 a6 26. Ne2 h5 27. Kh2 hxg4 28. hxg4 g5 {...f5 is the strong threat.} 29. b5 axb5 30. axb5 cxb5 {Threatening ...f5.} 31. Rc5 b6 32. Rc6 f5 33. Nec3 Rf7 34. gxf5 Bxf5 35. Be2 Nc4 {Threatens to win with ...Nd2.} 36. Nxb5 (36. Rg1 $11) 36... Bd7 $36 {[%mdl 2048] Black is in control.} 37. Rxc4 dxc4 38. Bxc4 (38. Ndc3 $17 Rh7 39. Kg1) 38... Bxb5 $19 39. Bxb5 {next Bc4 is good for White.} Rxf3 40. Rxf3 Nxf3+ $17 {[%mdl 4096] Endgame KRN-KBN} 41. Kg3 Nd2 42. Kg4 Kg7 43. Bc6 (43. Nb2 {is a better defense.}) 43... Rc8 $19 44. d5 $2 {[#]} (44. Bb5) 44... Kf6 45. Nc3 (45. Nb2 $142) 45... Nc4 {Black is clearly winning.} 46. Ne4+ Ke5 47. Nxg5 Nxe3+ 48. Kf3 Nxd5 49. Bb7 Rg8 50. Nh3 Kd4 51. Nf2 b5 {Precision: White = 16%, Black = 62%.} 0-1

[Event "7th RTU Open 2017"]
[Site "Riga"]
[Date "2017.08.08"]
[Round "3"]
[White "Krivonosov, Oleg"]
[Black "Brunello, Sabino"]
[Result "1/2-1/2"]
[WhiteElo "2397"]
[BlackElo "2566"]
[Annotator "TA"]
[PlyCount "30"]
[EventDate "2017.??.??"]
[EventType "swiss"]
[EventCountry "LAT"]
[SourceTitle "playchess.com"]
[Source "ChessBase"]
[SourceQuality "1"]

{[%evp 20,30,27,26,60,18,27,23,28,28,43,29,16]} 1. Nf3 d5 2. d4 Nf6 3. c4 c6 4. cxd5 cxd5 5. Nc3 Nc6 6. Bf4 Nh5 7. Bd2 Nf6 8. Bf4 Ne4 9. e3 Nxc3 10. bxc3 e6 11. Bd3 {LiveBook: 28 Games} Be7 {D13: Slav Defence: Exchange variation without ...Bf5} (11... Bd6 12. Bxd6 Qxd6 13. O-O O-O 14. Rc1 e5 15. dxe5 Nxe5 16. Be2 Rd8 17. Nxe5 Qxe5 18. Qb3 b6 19. c4 {½-½ (31) Wang,Y (2718)-Mamedyarov,S (2743) Tromsoe 2014}) 12. Ne5 Nxe5 13. Bxe5 O-O 14. O-O g6 $146 ({Predecessor:} 14... Bd7 15. Qb1 Rc8 16. Bxh7+ Kh8 17. Bd3 Rxc3 18. Qd1 f5 19. e4 {0-1 (29) Zanetti,B (2008)-Starostits,I (2460) Neuchatel 2004}) 15. c4 dxc4 1/2-1/2

[Event "7th RTU Open 2017"]
[Site "Riga"]
[Date "2017.08.08"]
[Round "3"]
[White "Saveliev, Alexei"]
[Black "Blomqvist, Erik"]
[Result "0-1"]
[WhiteElo "2396"]
[BlackElo "2525"]
[Annotator "TA"]
[PlyCount "38"]
[EventDate "2017.??.??"]
[EventType "swiss"]
[EventCountry "LAT"]
[SourceTitle "playchess.com"]
[Source "ChessBase"]
[SourceQuality "1"]

{[%evp 24,38,0,4,14,0,0,5,0,-54,-52,-62,-55,-289,-59,-493,-501]} 1. e4 c5 2. Nf3 e6 3. Nc3 Nc6 4. d4 cxd4 5. Nxd4 d6 6. Be2 Nf6 7. O-O Be7 8. Be3 O-O 9. f4 e5 10. fxe5 dxe5 11. Nf5 Bxf5 12. Rxf5 Rc8 13. Bd3 {[#] LiveBook: 6 Games. B83: Sicilian Scheveningen: 6 Be2, lines without ...a6} Nd7 $146 ({Predecessor:} 13... Bb4 14. Bg5 Bxc3 15. bxc3 Qb6+ 16. Rf2 Ne8 17. Rb1 Qc5 18. Rxb7 Nd6 19. Rb3 f5 20. exf5 e4 {½-½ (45) Jakovenko,D (2671)-Alekseev,E (2639) Moscow 2006}) 14. Nd5 Bc5 15. Bxc5 {The position is equal.} Nxc5 16. Qg4 (16. Rb1 $11) 16... Nxd3 $15 17. cxd3 Ne7 18. Nf6+ Kh8 19. Rh5 $2 {[%mdl 8192] [#]} ({White has to play} 19. Qh3 $1 $15 h6 20. Rf2) 19... Qb6+ {Precision: White = 17%, Black = 84%.} ({Inferior is} 19... gxf6 20. Qh4 $11) 0-1

[Event "7th RTU Open 2017"]
[Site "Riga"]
[Date "2017.08.08"]
[Round "3"]
[White "Mandizha, Farai"]
[Black "Schneider, Ilja"]
[Result "0-1"]
[WhiteElo "2392"]
[BlackElo "2519"]
[Annotator "TA"]
[PlyCount "88"]
[EventDate "2017.??.??"]
[EventType "swiss"]
[EventCountry "LAT"]
[SourceTitle "playchess.com"]
[Source "ChessBase"]
[SourceQuality "1"]

{[%evp 18,88,9,8,14,11,0,-14,12,8,5,6,13,8,20,0,0,0,0,0,12,25,21,0,0,0,0,0,0,0,0,-67,-70,-61,-69,-63,-60,-114,-111,-120,-116,-110,-106,-150,-141,-154,-133,-161,-154,-167,-150,-150,-147,-154,-146,-258,-254,-231,-195,-197,-185,-178,-178,-187,-134,-141,-104,-130,-110,-157,-129,-269,-263]} 1. d4 d5 2. c4 c6 3. Nf3 Nf6 4. Nc3 a6 5. a4 e6 6. Bg5 a5 {D15: Slav Defence: 4 Nc3 a6 and gambit lines after 4 Nc3 dxc4} 7. e3 Be7 8. Be2 Na6 9. O-O O-O 10. Rc1 {LiveBook: 12 Games} (10. Qb3 Nb4 11. Na2 dxc4 12. Qxc4 Nxa2 13. Qxa2 Nd5 14. Bxe7 Qxe7 {½-½ (34) Zhou,W (2635)-Malakhov,V (2695) China 2016}) 10... Nb4 11. Qb3 b6 12. Ne5 Nd7 $146 (12... Bb7 {seems wilder.} 13. Bh4 Rc8 14. Bg3 Nd7 15. Rfd1 Nxe5 16. Bxe5 Ba6) ({Predecessor:} 12... Bb7 13. Rfd1 Nd7 14. Bxe7 Qxe7 15. Nxd7 Qxd7 16. cxd5 exd5 {0-1 (46) Kierzek,M (2244)-Plischki,S (2377) Prague 2016}) 13. Bxe7 Qxe7 14. Nxd7 Bxd7 15. Rfd1 Rfd8 16. Bf3 Rac8 17. Na2 dxc4 18. Rxc4 {[%cal Ra2b4]} Nxa2 19. Qxa2 e5 {Threatening ...e4.} 20. Qb1 exd4 21. exd4 Qf6 22. Qc1 g6 23. Qc3 Kg7 24. Rc1 (24. h3 $11) 24... Be6 $1 $15 {[%cal Re6c4]} 25. Rxc6 Rxc6 26. Bxc6 Qxd4 27. h3 (27. Rb1 $15) 27... Qxc3 $17 28. bxc3 {[%mdl 4096] Endgame KRB-KRB} Rc8 29. Bb5 Bc4 30. Bd7 {[#]} Rc7 $1 {[%cal Rc7d7]} 31. Rd1 Kf8 32. Rd4 Ke7 33. Bg4 Bb3 34. Re4+ Kf8 35. Rd4 Rxc3 36. Kh2 (36. Be2 $17 {is a better defense.}) 36... Rc4 $19 37. Rd8+ Kg7 38. Rb8 Bxa4 39. Rxb6 Bc6 40. Ra6 Rc5 (40... a4 $19 41. Bd1 h5) 41. Bd1 $17 Bd5 42. Ba4 Be6 43. Bd1 Kf6 44. f4 (44. Ba4 $17) 44... Kf5 {Precision: White = 53%, Black = 82%.} 0-1

[Event "7th RTU Open 2017"]
[Site "Riga"]
[Date "2017.08.08"]
[Round "3"]
[White "Kleinman, Michael"]
[Black "Lei, Tingjie"]
[Result "0-1"]
[WhiteElo "2340"]
[BlackElo "2514"]
[Annotator "TA"]
[PlyCount "84"]
[EventDate "2017.??.??"]
[EventType "swiss"]
[EventCountry "LAT"]
[SourceTitle "playchess.com"]
[Source "ChessBase"]
[SourceQuality "1"]

{[%evp 18,84,22,26,17,18,28,33,39,0,0,-7,30,-8,46,31,74,50,37,45,81,-26,-34,-151,-94,-90,0,-190,-190,-176,-96,-384,-334,-428,-423,-1073,-1109,-1105,-1096,-1094,-1063,-973,-873,-1261,-841,-1016,-933,-1666,-754,-1041,-615,-1719,-1668,-1693,-1685,-1816,-1527,-2174,-1589,-1600,-1572,-1618,-1600,-1813,-1796,-29982,-29982,-29994,-29995]} 1. e4 c6 2. Nc3 d5 3. Nf3 Nf6 4. e5 Ne4 5. Ne2 Qb6 6. d4 {B11: Caro-Kann: Two Knights Variation} e6 7. Nfg1 f6 8. f3 Ng5 9. exf6 gxf6 10. f4 {LiveBook: 49 Games} Ne4 11. Ng3 Bd7 12. a4 $146 ({Predecessor:} 12. Nxe4 dxe4 13. c3 {0-1 (46) Vachier Lagrave,M (2819)-Anand,V (2770) Saint Louis 2016}) 12... a5 13. Nxe4 (13. c3 {with more complications.} Na6 14. Qh5+ Kd8 15. Bd3 f5 16. Nf3) 13... dxe4 14. Qh5+ Kd8 15. c3 Be7 ({Better is} 15... Na6 $11) 16. Bc4 Na6 {[#]} 17. f5 $1 {[%mdl 512]} e5 $1 {[%cal Re5d4]} (17... exf5 18. Ne2) 18. dxe5 fxe5 19. Bg5 (19. Nh3 $16) 19... Qxb2 $11 20. Bxe7+ {[#]} (20. Rc1 $1 $15 Qxg2 21. Bxe7+ Kc8 22. Qg5 Qxh1 23. Qg7) 20... Kc8 (20... Kc7 $142 $1 21. Rd1 Qxc3+ 22. Kf1 Qxc4+ 23. Ne2 Rae8) 21. Ra3 $17 {Black must now prevent Nh3.} Nb4 (21... Qxg2 $17 22. Qg5 Qxh1) 22. Rb3 $2 {[#]} (22. cxb4 $11 {and White stays safe.} Qxa3 23. Qf7) 22... Qc1+ $1 $40 {[%mdl 128] Black is out for blood.} ({Inferior is} 22... Nd3+ 23. Bxd3 Qxb3 24. Bxe4 $11) 23. Kf2 {Threatens to win with Bg5.} Nc2 (23... Nd3+ $19 24. Bxd3 exd3) 24. Ne2 $2 {[%mdl 8192]} (24. Qe2 $17 {only move.} Bxf5 25. h4 Qf4+ 26. Nf3 exf3 27. Qxf3) 24... e3+ 25. Kg3 Qxh1 26. Qg5 (26. Rb2 $142 Ne1 27. Nc1 Nxg2 28. Rxg2 Qxc1 29. Qf7) 26... Ne1 27. Kh3 Qf1 28. Be6 Bxe6 29. fxe6 Qxe2 30. Bf6 Re8 31. e7 Qd1 32. c4 e2 33. Re3 Nc2 34. Rxe2 Qxe2 35. Qf5+ Kc7 36. c5 Kb8 37. Qd7 Qh5+ 38. Bh4 Ra6 39. g4 Qf7 {( -> ...Qf1+)} 40. Bf6 Ka7 41. Qd8 Ne3 42. Kg3 Qxf6 {Precision: White = 41%, Black = 51%.} 0-1

[Event "7th RTU Open 2017"]
[Site "Riga"]
[Date "2017.08.08"]
[Round "3"]
[White "Rahul Srivatshav P"]
[Black "Meskovs, Nikita"]
[Result "0-1"]
[WhiteElo "2321"]
[BlackElo "2495"]
[Annotator "TA"]
[PlyCount "62"]
[EventDate "2017.??.??"]
[EventType "swiss"]
[EventCountry "LAT"]
[SourceTitle "playchess.com"]
[Source "ChessBase"]
[SourceQuality "1"]

{[%evp 23,62,0,16,14,25,13,22,10,11,11,10,-3,-1,-3,0,-14,37,44,45,-103,-91,-104,-68,-25,-22,-117,-72,-89,-91,-74,-41,-49,-36,-89,-53,-56,-38,-120,-125,-484,-476]} 1. d4 Nf6 2. c4 e6 3. Nc3 Bb4 4. e3 O-O 5. Nge2 Re8 6. a3 Bf8 7. Ng3 d5 8. Be2 {E46: Nimzo-Indian: Rubinstein: 4 e3 0-0 5 Ne2 without early Bd3} b6 9. cxd5 exd5 10. O-O Bb7 11. b4 Nbd7 12. Qb3 c6 {LiveBook: 4 Games} 13. a4 {[#]} a5 $146 ({Predecessor:} 13... g6 14. Bf3 Bg7 15. Ba3 Rc8 {0-1 (43) Gorovets,A (2522)-Bruzon Batista,L (2626) Merida 2016}) 14. bxa5 Rxa5 15. Ba3 g6 16. Rfe1 h5 {[%cal Bh7h5,Bh5h4][%mdl 32]} 17. Bf3 h4 {[#] Hoping for ...Bxa3.} 18. Nf1 Bxa3 19. Rxa3 Nf8 (19... h3 $11) 20. Rb1 $14 N6d7 21. e4 (21. Nd2 $14) 21... Ne6 $17 22. Qd1 Qe7 23. Ra2 dxe4 24. Nxe4 (24. Bxe4 $11 {remains equal.} Ng5 25. Re2) 24... c5 25. dxc5 {Strongly threatening Qxd7!} Bxe4 ({Reject} 25... Nexc5 $6 26. Nxc5 Nxc5 27. Rxb6 $11) 26. Bxe4 Ndxc5 {[%cal Bd7c5,Bc5a4,Ba4c3][%mdl 32]} ({But not} 26... Nexc5 $6 27. Bc6 $11) 27. Bf3 Rd8 $36 {[%mdl 2048] White is under pressure.} (27... h3 $5) 28. Qe1 ({White should play} 28. Rd2 $15) 28... Rxa4 29. Rxa4 Nxa4 30. Ne3 ({Better is} 30. Bg4 $15) 30... Nd4 31. Bd5 $2 {[%mdl 8192] [#]} (31. h3 $17) 31... Nc3 $1 {[%mdl 512] Precision: White = 23%, Black = 56%.} 0-1

[Event "7th RTU Open 2017"]
[Site "Riga"]
[Date "2017.08.08"]
[Round "3"]
[White "Seresin, Francesco"]
[Black "Thorfinnsson, Bragi"]
[Result "0-1"]
[WhiteElo "2265"]
[BlackElo "2461"]
[Annotator "TA"]
[PlyCount "96"]
[EventDate "2017.??.??"]
[EventType "swiss"]
[EventCountry "LAT"]
[SourceTitle "playchess.com"]
[Source "ChessBase"]
[SourceQuality "1"]

{[%evp 15,96,43,50,47,56,57,60,54,58,37,46,35,44,0,0,-20,17,0,6,-94,-51,-62,-58,-52,-49,-43,-49,-93,-96,-106,-37,-35,-20,-136,-121,-93,-121,-227,-32,-294,-289,-313,-310,-336,-303,-500,-498,-455,-447,-421,-418,-420,-381,-484,-455,-561,-546,-615,-591,-461,-406,-410,-413,-716,-364,-554,-549,-631,-561,-681,-597,-1139,-1119,-1066,-1032,-1617,-1627,-2033,-1674,-1975,-1775,-29998,-29999]} 1. d4 d5 2. c4 e6 3. Nc3 c6 {[%cal Bc7c6,Bc6d5][%mdl 32]} 4. e4 Bb4 5. cxd5 cxd5 6. e5 Nc6 7. Nf3 Nge7 8. Bd3 Nf5 9. a3 {C02: French: Advance Variation} Bxc3+ 10. bxc3 Qc7 11. O-O {White is slightly better.} Na5 (11... Bd7 12. a4 Na5 13. Qc2 Rc8 14. Bd2 Nc4 15. Bf4 Qa5 16. Rfb1 b6 {½-½ (44) Caprio,G (2435)-Markoja,B (2148) Meissen 2013}) 12. Bd2 $146 ({Predecessor:} 12. Qc2 Nc4 13. Nd2 Bd7 14. Nxc4 dxc4 15. Be4 Ne7 16. a4 Bc6 {1-0 (28) Molinari,G-Van Kempen,J Hengelo 1999}) 12... Bd7 13. Re1 Nc4 14. Bxf5 exf5 15. Ng5 (15. Bf4 $5 {[%cal Re5e6]} Qc6 16. Nd2 $11) 15... Be6 16. Qh5 O-O-O 17. Nf3 (17. Qe2 $11) 17... Kb8 18. Qg5 h6 19. Qxg7 Nxd2 20. Nxd2 Qxc3 21. Nf1 Qxd4 22. Qf6 f4 (22... Qg4 $17 23. Rad1 d4) 23. Rab1 a5 $36 {[%mdl 2048] Black is pushing.} 24. Rb5 {[#]} (24. Rbd1 $11 Qa4 25. Rd3) 24... Rhg8 $1 $17 25. Reb1 Rd7 {Threatens to win with ...Qe4.} 26. g3 {[#]} (26. Qxh6 $17 Qxe5 27. Nd2) 26... h5 $2 (26... Rc7 $1 $19 {[%cal Rc7c2]} 27. R5b3 h5) 27. R5b3 $2 {[%mdl 8192]} (27. Rxa5 $15 Qd3 28. Rab5) 27... fxg3 $19 28. hxg3 h4 29. Rf3 Qe4 30. Nd2 $2 (30. Rd1) 30... Qc2 31. Qf4 hxg3 32. Rxg3 Rxg3+ 33. fxg3 Qc5+ 34. Qf2 Qxa3 35. Nf3 Qd3 36. Ra1 Qc3 37. Ra4 Bf5 38. Rh4 Rd8 39. Qb6 (39. Rf4 $142 Bg6 40. Qd4) 39... Qc7 ({Less strong is} 39... Qxf3 40. Qxd8+ Bc8 41. Qg5 $15) 40. Qb2 (40. Qxc7+ {is a better defense.} Kxc7 41. Kf2) 40... Be4 41. Nd4 Rg8 42. Kh2 f6 {[%cal Bf7f6,Bf6e5][%mdl 32]} 43. Rh6 Qg7 {[%csl Gg8][%cal Rg7g3]} 44. Rh3 fxe5 45. Nc6+ Ka8 46. Qb6 bxc6 47. Qxc6+ Qb7 48. Qe6 Qb2+ {Precision: White = 20%, Black = 63%.} 0-1

[Event "7th RTU Open 2017"]
[Site "Riga"]
[Date "2017.08.08"]
[Round "3"]
[White "Tirelli, Mauro"]
[Black "Yankelevich, Lev"]
[Result "0-1"]
[WhiteElo "2201"]
[BlackElo "2447"]
[Annotator "TA"]
[PlyCount "126"]
[EventDate "2017.??.??"]
[EventType "swiss"]
[EventCountry "LAT"]
[SourceTitle "playchess.com"]
[Source "ChessBase"]
[SourceQuality "1"]

{[%evp 9,126,18,18,14,15,22,25,26,31,21,28,22,27,20,34,14,20,26,21,14,18,0,0,0,0,0,0,0,0,0,0,0,0,0,0,-5,-5,-5,-5,-5,-5,-5,-6,-5,0,0,0,0,21,12,41,41,35,27,36,29,49,0,0,0,0,0,0,-8,-8,-12,-12,-21,-18,-18,-8,-8,-8,-8,-8,-8,-8,-9,0,0,0,-39,0,0,0,0,0,0,0,0,0,0,0,-8,-8,-8,0,0,0,0,0,0,0,0,0,0,0,0,0,0,0,0,0,0,0,-29987,-29988,-29990,-4134]} 1. b3 e5 2. Bb2 Nc6 3. e3 Nf6 4. c4 g6 5. Nf3 d6 6. d4 {A01: Nimzowitsch-Larsen Opening} exd4 7. Nxd4 (7. exd4 Bg7 8. d5 Ne7 9. h3 O-O 10. Be2 c6 11. dxc6 Nxc6 12. O-O d5 13. Na3 {1-0 (44) Nakamura,H (2775)-Anand,V (2785) Dubai 2014}) 7... Nxd4 8. Bxd4 {White has an edge.} Bg7 9. Be2 O-O 10. O-O Be6 11. Nc3 d5 12. cxd5 $146 ({Find the theoretical novelty and annotate with similar games:} 12. c5 c6 13. Bf3 {½-½ (22) Cvek,R (2442)-Plachetka,J (2395) Baden 1999}) 12... Nxd5 13. Bxg7 Kxg7 14. Nxd5 Qxd5 15. Rc1 c6 16. Qc2 Qe5 17. Rfd1 Rfd8 18. Bc4 Bg4 19. Be2 Bf5 20. Bd3 Bg4 21. Be2 Bf5 22. Bd3 Rxd3 23. Rxd3 Bxd3 24. Qxd3 $11 {[%mdl 4096] Endgame KQR-KQR} Qb2 25. Qc2 Qxc2 26. Rxc2 {KR-KR} a5 (26... Rd8 {keeps more tension.} 27. g3 Rd1+ 28. Kg2 Kf6 29. f4 Ke6) 27. Kf1 a4 28. b4 a3 29. Rc3 Ra4 30. Rb3 Kf6 31. Ke2 Ke5 32. Kd3 b5 33. f4+ Kd6 34. g4 f5 35. h3 Kd5 36. Rb1 c5 37. bxc5 Kxc5 38. gxf5 gxf5 39. Rb3 b4 {White should prevent ...Ra6.} 40. e4 fxe4+ 41. Kxe4 Ra7 {[#] ...Re7+ is the strong threat.} 42. Rb1 $1 Re7+ 43. Kd3 Rg7 44. f5 Rg3+ 45. Ke4 Kd6 46. Rxb4 Rxh3 {aiming for ...Rh4+.} 47. Rb6+ (47. Rd4+ {with more complications.} Ke7 48. Rd2 Kf6 49. Rd6+ Kg5 50. Ra6) 47... Ke7 48. Rb7+ Kf6 49. Rb6+ Kg5 50. Ra6 Rc3 51. Kd4 Rf3 52. f6 Kg6 53. Ra7 h5 54. Ke4 Rxf6 55. Rxa3 h4 56. Rf3 Ra6 57. a3 Kg5 58. Rf8 Kg4 59. Rg8+ Kh3 60. Kf3 Rxa3+ 61. Kf2 Rg3 62. Rxg3+ $2 {[%mdl 8192] [#]} (62. Rh8 $11) 62... hxg3+ {[%cal Bh4g3,Bg3g2][%mdl 32]} 63. Kg1 g2 {Precision: White = 73%, Black = 67%.} 0-1

[Event "7th RTU Open 2017"]
[Site "Riga"]
[Date "2017.08.08"]
[Round "3.10"]
[White "Mu, Ke"]
[Black "Kunin, Vitaly"]
[Result "1-0"]
[WhiteElo "2411"]
[BlackElo "2551"]
[Annotator "TA"]
[PlyCount "147"]
[EventDate "2017.??.??"]
[EventType "swiss"]
[EventCountry "LAT"]
[SourceTitle "playchess.com"]
[Source "ChessBase"]
[SourceQuality "1"]

{[%evp 21,147,19,26,15,30,15,10,18,27,0,30,30,34,47,36,0,0,0,0,0,0,0,10,0,-4,-22,0,0,0,0,0,0,0,1,1,0,0,0,4,0,0,0,0,0,0,0,0,0,0,0,0,0,0,0,0,0,0,0,0,0,0,0,0,0,0,0,0,-17,-38,-88,0,-5,0,0,0,-22,0,-6,0,0,0,0,0,0,0,0,0,0,0,0,0,0,0,0,0,0,0,0,0,0,0,0,12841,12841,12841,12842,12842,12843,12843,12843,12844,12842,12842,12843,12843,12843,12844,12189,12846,12845,12845,12846,12846,12847,12847,12847,12848,12848]} 1. d4 d5 2. Nf3 Nf6 3. c4 dxc4 4. e3 Bg4 5. Bxc4 e6 6. Nc3 Nc6 7. h3 Bh5 8. Be2 Bd6 9. O-O O-O 10. b3 a6 11. Bb2 Qe8 {LiveBook: 22 Games} 12. Ng5 $146 {D22: Queen's Gambit Accepted: 3 Nf3 a6 4 e3} (12. Ne5 $5 Bxe2 13. Nxe2 $14) ({Predecessor:} 12. Ne5 Bxe2 13. Nxe2 Rd8 14. Qb1 Nd5 15. e4 Nde7 16. Nc4 f5 17. Nxd6 cxd6 18. Nf4 Qf7 19. d5 exd5 20. exf5 Nxf5 {0-1 (48) Romanishin,O (2474)-Damaso,R (2438) Figueira da Foz 2015}) 12... Bg6 13. Bd3 Bxd3 14. Qxd3 {The position is equal.} Nb4 15. Qd2 (15. Qb1 {feels hotter.} h6 16. Nf3 c5 17. dxc5 Bxc5 18. a3) 15... h6 16. Nge4 Nbd5 17. Nxd6 cxd6 18. Rfe1 Nxc3 19. Bxc3 Qd7 (19... Ne4 $5 {[%cal Re4d2]} 20. Qd3 Nxc3 21. Qxc3 Qd7 $11) 20. Rac1 Rfc8 21. Bb4 d5 22. Ba3 Ne4 {[%cal Bf6e4,Be4g3,Bg3f5][%mdl 32]} 23. Qb2 Rxc1 24. Rxc1 Rc8 25. f3 Ng3 26. Kf2 Nf5 27. Rxc8+ Qxc8 28. e4 Nh4 29. g3 Ng6 30. Qc1 Qd8 31. Qc5 b6 32. Qc3 h5 33. h4 dxe4 34. fxe4 Nxh4 35. gxh4 Qxh4+ 36. Ke3 Qg3+ 37. Kd2 Qg2+ 38. Kd3 Qf3+ 39. Kd2 Qxe4 40. Qc8+ Kh7 41. Qxa6 Qf4+ 42. Kc3 h4 43. Qd3+ f5 44. Kc2 Qh2+ 45. Kc3 Qxa2 (45... h3 $1 $17 46. Qf3 Kh6) 46. Bd6 $11 Qa1+ 47. Kc2 $1 Qa2+ 48. Kc3 Qa1+ 49. Kc2 $1 Qh1 {Threatens to win with ...Qc6+.} (49... Qa8 $5 {[%cal Ra8c6]} 50. Be5 Qg2+ 51. Kd1 Qd5 $15) 50. Be5 Qg2+ 51. Kc3 h3 {aiming for ...h2.} 52. d5 h2 {[#]} ({Don't play} 52... Qxd5 $6 53. Qxh3+ Kg8 54. Qg3 $16) 53. Bxh2 $1 {[%mdl 512]} Qxh2 {[%mdl 4096] Endgame KQ-KQ} 54. d6 Kg6 {Strongly threatening ...Kf7.} 55. d7 Qc7+ 56. Kd2 Qd8 57. Qd6 Kf7 58. Ke2 g5 (58... e5 $5) 59. Kf3 {[#]} e5 $1 60. Kf2 (60. Qxe5 Qxd7) 60... g4 61. Kg3 Qh8 $2 {[%mdl 8192]} (61... f4+ $11 62. Kxg4 Qg8+ 63. Kf5 Qh7+ 64. Kxe5 Qh5+ 65. Ke4 Qh1+ 66. Kf5 Qh5+ 67. Ke4 Qh1+ 68. Kf5 Qh5+ 69. Ke4) 62. d8=Q $18 {White wants to mate with Q8e7+.White is clearly winning.} Qh3+ 63. Kf2 {[%csl Gd6][%cal Rd8f8]} Qf3+ 64. Ke1 $1 {[%csl Gd6][%cal Rd8f8]} Qe3+ 65. Kd1 $1 {[%csl Gd6][%cal Rd8f8]} Qxb3+ 66. Kc1 {[%csl Gd6][%cal Rd8f8]} Qc3+ 67. Kb1 $1 {[%csl Gd6][%cal Rd8f8]} Qb3+ 68. Ka1 $1 {[%csl Gd6][%cal Rd8f8]} Qc3+ 69. Ka2 $1 {[%csl Gd6][%cal Rd8f8]} Qc4+ 70. Ka3 {[%csl Gd6][%cal Rd8f8]} Qc3+ {[#]} 71. Ka4 $1 {[%csl Gd6][%cal Rd8f8]} Qc4+ {[#]} 72. Qb4 $1 {[%cal Rb4c4]} Qc6+ 73. Kb3 {Qbe7+ would kill now.} Qf3+ 74. Qc3 {Precision: White = 70%, Black = 54%.} 1-0